MARC
| LEADER | 00000 a2200000 4500 | ||
|---|---|---|---|
| 003 | 011514 | ||
| 005 | 20221231143822.0 | ||
| 008 | 140114s1975 c a m 000 ||s d | ||
| 040 | |c cru CEDI | ||
| 090 | |a TFG 596 | ||
| 100 | |a Retana Garro, Luis Fernando |9 16824 | ||
| 245 | |a Estudio comparativo entre la erena de Ottawa y las de Costa Rica en las pruebas del cemento | ||
| 260 | |c 1975 |a [San José, Costa Rica] | ||
| 300 | |a 43 hojas, gráficos, ilustraciones, tablas | ||
| 500 | |a Tesis (Ingeniero Civil)--Universidad de Costa Rica. | ||
| 650 | |x CEMENTO |x PRUEBAS |9 16825 | ||
| 942 | |c TFG | ||
| 999 | |c 12467 |d 12467 | ||
